000 01782nam a2200433 i 4500
001 88604
003 FlNmELB
005 20241217171647.0
006 m o d |
007 cr cnu||||||||
008 160824s2015 sp o 001 0 spa d
020 _a9788484098058 (e-book)
020 _z9788484097952
035 _a(MiAaPQ)EBC4570035
035 _a(Au-PeEL)EBL4570035
035 _a(CaPaEBR)ebr11231192
035 _a(OCoLC)984804167
040 _aFINmELB
_bspa
_erda
_cFINmELB
050 4 _aKJE5142
_bT648 2015
080 _a347.1
082 0 _a305.3
_223
100 1 _aToldra Roca, Dolors.
245 1 0 _aAproximaci{acute}on a un diagn{acute}ostico sobre la igualdad de oportunidades en el siglo XXI :
_bun legado para Cloe y Dalia /
_cDolors Toldra Roca.
264 1 _aL{acute}erida :
_bEdicions de la Universitat de Lleida,
_c2015.
300 _a1 recurso en l{acute}inea (180 p{acute}aginas)
336 _atexto
_btxt
_2rdacontent/spa
337 _acomputadora
_bc
_2rdamedia/spa
338 _arecurso en l{acute}inea
_bcr
_2rdacarrier/spa
500 _aIncluye {acute}indice.
588 _aDescripci{acute}on basada en recurso en l{acute}inea; T{acute}itulo de la p{acute}agina del t{acute}itulo en PDF (e-libro, visto August 24, 2016).
590 _aRecurso electronico. Santa Fe, Arg. : e-libro, 2016. Disponible via World Wide Web. El acceso puede ser limitado para las bibliotecas afiliadas a e-libro.
650 0 _aPrivate law.
650 4 _aDerecho privado.
650 0 _aGender identity
_xLaw and legislation
_zEurope.
650 4 _aIdentidad de g{acute}enero
_xLegislaci{acute}on
_zEuropa.
655 4 _aLibros electr{acute}onicos.
797 2 _ae-libro, Corp.
856 4 0 _uhttps://elibro.net/ereader/politecnicointernacional/54743
999 _c88604
_d88604